El hormigón: tecnología y técnica

Збережено в:
Бібліографічні деталі
Автори: Charó Chacón, José (Автор), Montégu Soler, Jorge (Автор)
Формат: Книга
Мова:Іспанська
Опубліковано: Santiago Pontificia Universidad Católica de Chile 1979
Редагування:2a. ed
Предмети:
Теги: Додати тег
Немає тегів, Будьте першим, хто поставить тег для цього запису!

MARC

LEADER 00000nam a2200000 a 4500
001 UCU7599
003 CL-VaPUC
008 960705e19790000CL |||||||||||||||||spa|d
082 0 4 |a 624.183  |b CHA  |2 21 
100 0 |a Charó Chacón, José  |e author  |9 366513 
700 0 |a Montégu Soler, Jorge  |e author  |9 366514 
245 1 3 |a El hormigón: tecnología y técnica 
250 |a 2a. ed 
300 |a v 
942 |c BK 
945 |d 19960705 00:00:00  |a lriquelm 
260 |a Santiago  |b Pontificia Universidad Católica de Chile  |c 1979 
500 |a v.1: Los materiales 
650 0 |a Hormigones  |9 262546 
650 0 |a Construcción  |9 260195 
650 0 |a Elementos estructurales  |9 350100 
650 0 |a Materiales de construcción  |9 260197 
650 7 |a CEMENTOS  |2 CL-VaPUC  |9 262741 
583 |a last modification  |c 19960705 00:00:00  |k Rodrigo Vera 
999 |c 250195  |d 250193 
952 |0 0  |1 0  |4 0  |6 624_183000000000000_CHA_1979  |7 0  |8 A  |9 268058  |a BIBING  |b BIBING  |d 2019-11-19  |h v.1  |i 1698613  |o 624.183 CHA 1979  |p 1698613  |r 2025-01-20  |w 2019-11-19  |y BK  |k CCL 
952 |0 0  |1 0  |4 0  |6 624_183000000000000_CHA_1979  |7 0  |8 A  |9 268059  |a BIBING  |b BIBING  |d 2019-11-19  |h v.1  |i 1698680  |o 624.183 CHA 1979  |p 1698680  |r 2025-01-20  |w 2019-11-19  |y BK  |k CCL 
952 |0 0  |1 0  |4 0  |6 624_183000000000000_CHA_1979  |7 0  |8 A  |9 268060  |a BIBING  |b BIBING  |d 2019-11-19  |h v.1  |i 1698745  |o 624.183 CHA 1979  |p 1698745  |r 2025-01-20  |w 2019-11-19  |y BK  |k CCL